000 00685nam a2200277Ia 4500
005 20260324115541.0
008 008 260324s9999 xx 000 0 eng d
020 _a9781315151748
037 _aEBOOK
040 _aCRL
040 _beng
040 _cCRL
041 _2eng
041 _aeng
084 _qCRL
100 _aSteven I. Gordon; Brian Guilfoos
_91155098
245 0 _aIntroduction to Modeling and Simulation with MATLABĀ® and Python
260 _bTaylor and Francis
260 _c2017
365 _a
365 _b185
856 _uhttp://www.taylorfrancis.com/books/9781315151748
942 _cEBOOK
999 _c1746054
_d1746054